| 000 | 00941nam a2200229Ia 4500 | ||
|---|---|---|---|
| 001 | 19581 | ||
| 003 | GE_BSU | ||
| 008 | 181216s||||||||xx |||||||||||||| ||und|| | ||
| 040 | _cGE_BSU | ||
| 080 | _a655.11(479.22) | ||
| 245 | _aვახტანგ მეექვსე და სხვათა შრომა ქართული სტამბის წინაშე ზ.ჭ. | ||
| 250 | _aგამოცემა ვარლამ ტყეშელაშვილის მიერ | ||
| 260 | _aთბილისი | ||
| 260 | _bსტამბა "განათლება | ||
| 260 | _c1916 | ||
| 300 | _a55გვ. | ||
| 541 | _h3ლ.35თ. | ||
| 653 | _aბიბლიოთეკარი | ||
| 653 | _aვახტანგ მეექვსე და სხვათა შრომა ქართული სტამბის წინაშე | ||
| 653 | _aქსეროქსი | ||
| 942 | _cBK | ||
| 999 |
_c52557 _d52557 |
||